000 00977ncm a2200277 c 4500
999 _c350178
_d350178
003 BLK
005 20200427155657.0
008 180414b bul |a|er|||| |0| c|bulo|
010 _aNOT00001233000
040 _aBLK
041 _aRUS
_cRUS
080 _aФагот. Етюди, школи, учебна литература
_b788.8.087.5
_z788.8.087.5
139 _aЕтюди
_bЕ 94
245 1 0 _aЭтюды для фагота
_b1-4 год обучения
_cсостав. Роман Павлович Терехин.
257 _aRUS
260 _bМузыка
_c1983
_9402764
_aМосква
300 _a46 с.
_c30 см
380 _a7
650 7 _aФагот
_9175128
653 7 _9199160
_aфагот
653 7 _9186510
_aетюди
700 _91412
_aТерехин, Роман Павлович
_eсостав.
852 _aЦБ М ІІ 9041
_p0
856 4 _qpdf
_u
856 4 _qpdf
_u
942 _cNOT
_n0
_s1
944 _aCR
_c15.06.2005
_kВаля_Йорданова
944 _aED
_c21.02.2011
999 _d350178
999 _d350178
999 _d301487